000 00540nam a2200181 4500
001 111611
003 ES-MaACL
005 20240429130610.0
007 t|
008 061121s1963 sp r ||||1| spa d
100 1 _aNervi, Pier Luigi.
_985403
245 1 0 _aNuevas estructuras /
_cP. L. Nervi; traducido por María Beatriz de Moura.
260 _aBarcelona :
_bGustavo Gili,
_c1963.
300 _a168 lám. ;
_c23 cm.
700 1 _aMoura, Beatriz de,
_d1939-
_983880
852 _aES-MaACL
_jC-24270
_bR.52978
999 _c111611
_d111611